Normal view
MARC view
- Humorous poetry, Urdu
Entry Topical Term
001 - CONTROL NUMBER
- control field: 35659
003 - CONTROL NUMBER IDENTIFIER
- control field: NUST
005 - DATE AND TIME OF LATEST TRANSACTION
- control field: 20210211102925.0
008 - FIXED-LENGTH DATA ELEMENTS
- fixed length control field: 210211|| aca||aabn | a|a d
040 ## - CATALOGING SOURCE
- Original cataloging agency: NUST
- Transcribing agency: NUST
150 ## - HEADING--TOPICAL TERM
- Topical term or geographic name entry element: Humorous poetry, Urdu
670 ## - SOURCE DATA FOUND
- Source citation: Work cat.: (NUST)0: Javed, Dr. Inam ul Haq 1949- author. 35658, Wit and wisdom /, 2015
